ARRUPE JESUIT UNIVERSITY

CORONAVIRUS -STOP THE SPREAD - CLEAN,DISINFECT,COVER

The loss and recovery of transcendence : (Record no. 122222)

MARC details
000 -LEADER
fixed length control field 01160pam a2200301 a 4500
001 - CONTROL NUMBER
control field 1614141
003 - CONTROL NUMBER IDENTIFIER
control field ARRUPE
005 - DATE AND TIME OF LATEST TRANSACTION
control field 20150227134833.0
008 - FIXED-LENGTH DATA ELEMENTS--GENERAL INFORMATION
fixed length control field 950202s1995 pau b 001 0 eng
010 ## - LIBRARY OF CONGRESS CONTROL NUMBER
LC control number 95005874
020 ## - INTERNATIONAL STANDARD BOOK NUMBER
International Standard Book Number 1556350279 (pbk.)
040 ## - CATALOGING SOURCE
Original cataloging agency DLC
Transcribing agency DLC
Modifying agency DLC
050 00 - LIBRARY OF CONGRESS CALL NUMBER
Classification number BT124.5
Item number .R63 1995
082 00 - DEWEY DECIMAL CLASSIFICATION NUMBER
Classification number 231/.4
Edition number 20
300 ## - PHYSICAL DESCRIPTION
Dimensions 22 cm.
100 1# - MAIN ENTRY--PERSONAL NAME
Personal name Robertson, John C.,
Titles and other words associated with a name Jr.
9 (RLIN) 15615
245 14 - TITLE STATEMENT
Title The loss and recovery of transcendence :
Remainder of title the will to power and the light of heaven /
Statement of responsibility, etc John C. Robertson, Jr.
260 ## - PUBLICATION, DISTRIBUTION, ETC. (IMPRINT)
Place of publication, distribution, etc Allison Park, Pa. :
Name of publisher, distributor, etc Pickwick Publications,
Date of publication, distribution, etc c1995.
300 ## - PHYSICAL DESCRIPTION
Extent xvii, 108 p. ;
440 #0 - SERIES STATEMENT/ADDED ENTRY--TITLE
Title Princeton theological monograph series ;
Volume number/sequential designation 39
9 (RLIN) 15616
504 ## - BIBLIOGRAPHY, ETC. NOTE
Bibliography, etc Includes bibliographical references and indexes.
650 #0 - SUBJECT ADDED ENTRY--TOPICAL TERM
Topical term or geographic name as entry element Transcendence of God.
9 (RLIN) 15617
650 #0 - SUBJECT ADDED ENTRY--TOPICAL TERM
Topical term or geographic name as entry element Technology
General subdivision Religious aspects
-- Christianity.
9 (RLIN) 4574
650 #0 - SUBJECT ADDED ENTRY--TOPICAL TERM
Topical term or geographic name as entry element Civilization, Modern
Geographic subdivision 20th century.
9 (RLIN) 15618
650 #0 - SUBJECT ADDED ENTRY--TOPICAL TERM
Topical term or geographic name as entry element Presence of God.
9 (RLIN) 15619
906 ## - LOCAL DATA ELEMENT F, LDF (RLIN)
a 7
b cbc
c orignew
d 1
e ocip
f 19
g y-gencatlg
942 ## - ADDED ENTRY ELEMENTS (KOHA)
Source of classification or shelving scheme Library of Congress Classification
Koha item type Monograph ( Printed materials)
Holdings
Withdrawn status Lost status Source of classification or shelving scheme Damaged status Not for loan Collection code Home library Current library Shelving location Date acquired Total Checkouts Full call number Barcode Date last seen Date checked out Price effective from Koha item type
    Library of Congress Classification     Main Collection ARRUPE LIBRARY ARRUPE LIBRARY Main Collection 27/02/2015 1 BT124.5 .R63 1995 46500000964 18/12/2024 18/11/2024 27/02/2015 Monograph ( Printed materials)

 

Arrupe Library. PO Box MP320 Mt Pleasant, Harare, Zimbabwe
263 242 745411|librarian@aju.ac.zw